Dôvodová správa k návrhu zákona, ktorým sa novelizuje zákon o doplnkovom dôchodkovom poistení zamestnancov

Dôvodová správa k návrhu zákona, ktorým sa novelizuje zákon o doplnkovom dôchodkovom poistení zamestnancov. Zákon Národnej rady SR č. 123/1996 Z.z. o doplnkovom dôchodkovom poistení a o zmene a doplnení niektorých zákonov v znení zákona č. 409/2000 Z.z. vytvoril právny rámec pre novú formu získania...

Descrizione completa

Salvato in:
Dettagli Bibliografici
Natura: Capitolo di libro
Lingua:slovacco
Soggetti:
Tags: Aggiungi Tag
Nessun Tag, puoi essere il primo ad aggiungerne!!

MARC

LEADER 00000naa a2200000 4500
001 r045065
005 20230927070307.5
041 0 |a slo 
044 |a SK 
245 1 0 |a Dôvodová správa k návrhu zákona, ktorým sa novelizuje zákon o doplnkovom dôchodkovom poistení zamestnancov 
520 |a Dôvodová správa k návrhu zákona, ktorým sa novelizuje zákon o doplnkovom dôchodkovom poistení zamestnancov. Zákon Národnej rady SR č. 123/1996 Z.z. o doplnkovom dôchodkovom poistení a o zmene a doplnení niektorých zákonov v znení zákona č. 409/2000 Z.z. vytvoril právny rámec pre novú formu získania doplnkového príjmu občanov, ktorí sa stanú poistencami doplnkovej dôchodkovej poisťovne. 
610 2 0 |a poistenie dôchodkové doplnkové 
610 2 0 |a zákony 
610 2 0 |a správy dôvodové 
610 2 0 |a Slovensko 
610 2 0 |a legislatíva